LEADER 01732oam 2200457M 450 001 9910716689603321 005 20210706163834.0 035 $a(CKB)5470000002523266 035 $a(OCoLC)1065793975 035 $a(OCoLC)995470000002523266 035 $a(EXLCZ)995470000002523266 100 $a20071213d1927 ua 0 101 0 $aeng 135 $aurcn||||||||| 181 $ctxt$2rdacontent 182 $cc$2rdamedia 183 $acr$2rdacarrier 200 10$aPermitting women to serve on juries in the District of Columbia. February 17 (calendar day, February 19), 1927. -- Ordered to be printed 210 1$a[Washington, D.C.] :$c[U.S. Government Printing Office],$d1927. 215 $a1 online resource (2 pages) 225 1 $aSenate report / 69th Congress, 2nd session. Senate ;$vno. 1514 225 1 $a[United States congressional serial set] ;$v[serial no. 8685.] 300 $aBatch processed record: Metadata reviewed, not verified. Some fields updated by batch processes. 300 $aFDLP item number not assigned. 517 $aPermitting women to serve on juries in the District of Columbia. February 17 606 $aJury 606 $aLegislative amendments 606 $aWomen 608 $aLegislative materials.$2lcgft 615 0$aJury. 615 0$aLegislative amendments. 615 0$aWomen. 701 $aJones$b Wesley Livsey$f1863-1932$pRepublican (WA)$01389549 801 0$bWYU 801 1$bWYU 801 2$bOCLCO 801 2$bOCLCQ 906 $aBOOK 912 $a9910716689603321 996 $aPermitting women to serve on juries in the District of Columbia. February 17 (calendar day, February 19), 1927. -- Ordered to be printed$93505167 997 $aUNINA